| 000 | 00718nam a2200205 4500 | ||
|---|---|---|---|
| 001 | 85957 | ||
| 003 | BD-RjUL | ||
| 005 | 20251117094735.0 | ||
| 008 | 251117s1979 ii ||||| |||| 00| 0 ur d | ||
| 035 | _a(BD-RjUL) 85957 | ||
| 040 |
_aBD-RjUL _beng _cBD-RjUL |
||
| 041 | _aurd | ||
| 082 |
_223 _a891.439 _bSIT 1979 |
||
| 100 |
_a گلیسن، ایچ،اے= Gleeson, H, A, _917327 |
||
| 245 | 1 | 0 |
_a توضيحي لسانيات = Introduction to Descriptive Linguistics / _cایچ،اے، گلیسن ؛ ترجمہ عتیق احمد صدیقی = H, A, Gleeson ; Translated by Atiq Ahmad Siddiqui |
| 260 |
_aNewDelhi : _bTaraqi urdu, _c1974 |
||
| 300 |
_a589 p. ; _c22 cm |
||
| 650 | _aUrdu Literature | ||
| 942 |
_2ddc _cBK |
||
| 999 |
_c85957 _d85957 |
||